Регионална библиотека "Любен Каравелов" - Русе

Аз ремонтирам Лада Самара ВАЗ-2108, -2109, -21083i-20, -21093i-20 и Лада ВАЗ-2110, -2111, -2112 (Запис номер 14699)

MARC детайли
000 -Лидер
Контролно поле с фиксирана дължина 01368nam a2200349 c 4500
003 - Код на организацията, давaща контролен номер
Контролно поле BLK
005 - Дата и час на последна редакция
Контролно поле 20180420214959.0
008 - Елементи от данни с фиксирана дължина
fixed length control field 180412b bul|||||r ||||||| ||bul||
010 ## - Наследен системен номер
LC control number KNG00016419000
020 ## - Международен стандартен номер на книга ISBN
Международен стандартен номер на книга ISBN 954-03-0580-2
-- издат.: Техника
040 ## - Източник на каталожния запис
Идентификатор на билиотеката - собственик на записа BLK
041 ## - Код за език
Код за езика на текст/звукозапис или на отделно заглавие Български
Код за езика КДБФ Български
080 ## - УДК
Текстов определител УДК Леки автомобили
УДК код - определител по УДК 629.114.6
УДК определител .004.5(035)
УДК - код + определител 629.114.6.004.5(035)
100 1# - Редна дума - Автор
Автор Косев, Константин Петков
Авторска отговорност първи автор
R(LIN) 259515
139 ## - Редно поле
Редна дума Косев, Константин Петков
Авторски знак Кос - К 86
245 10 - Сведения за заглавието
Заглавие Аз ремонтирам Лада Самара ВАЗ-2108, -2109, -21083i-20, -21093i-20 и Лада ВАЗ-2110, -2111, -2112
Редно поле (дума) Константин Петков Косев.
250 ## - Област на изданието
Сведения за изданието 2. доп. изд.
257 ## - Страна на издаване
Страна на създаване/издаване България
260 ## - Област на издателските данни
-- София
Име на издателя, разпространителя и проч. Техника
Година на издаване 2002
Печатница В. Търново : Абагар
300 ## - Физическа характеристика
Страници 324 с.
Илюстрации и др. с табл., ил., сх.
Размери/Мащаб 23 см
380 ## - Жанр
Жанр Техника
500 ## - Общи забележки
Забележка Прил. 1. - 1 л. сх. ; 80Х30 сгънат до 19Х15.
650 #4 - Допълнително описание по предмет – тема
Основно описание – тема или топоним Автомобили, леки - поддържане и ремонт
9 (RLIN) 257502
653 ## - Ключова дума – ненормативна
Ключова дума леки коли
653 ## - Ключова дума – ненормативна
Ключова дума автомобили
653 ## - Ключова дума – ненормативна
Ключова дума Лада
852 ## - Местоположение
Форматна сигнатура Цб 213794
856 4# - Електронен адрес и достъп
Електронен формат pdf - файл
Път до файла /url/
856 4# - Електронен адрес и достъп
Електронен формат pdf - файл
Път до файла /url/
942 ## - АРТИКУЛИ
Вид на библиотечния материал Книги
Скрит в OPAC Не
944 ## - СЪЗДАВАНЕ И РЕДАКЦИЯ на ЗАПИСА
Създаване/Редакция Създаване
Дата на регистрацията/редакция 11.06.2003
Служител, извършил регистрацията/редакцията Кети_Илиева
944 ## - СЪЗДАВАНЕ И РЕДАКЦИЯ на ЗАПИСА
Създаване/Редакция Редакция
Дата на регистрацията/редакция 22.02.2013
Служител, извършил регистрацията/редакцията
999 ## - СИСТЕМНИ КОНТРОЛНИ НОМЕРА
Koha biblionumber 14699
Koha biblioitemnumber 14699
Наличности
Код за отписване Код за изгубен артикул Източник на класификационната схема Код за повреда Коз за рестрикции Код за отдаване Артикулен № Име на библиотеката - собственик Име на библиотеката, в която се намира в момента Статус (Текущо местоположение) Дата на вписване в системата Местоположение - отдел Цена в лева Инвентарен номер Систематично азбучна сигнатура Баркод Номер на екземпляра Цена в евро Служебна бележка Служебен тип на артикула
  Не е изгубен Universal Decimal Classification Не е повреден без рестрикции ползва се в читалня 25106 Регионална библиотека "Любен Каравелов" Русе Регионална библиотека "Любен Каравелов" Русе Хранилище 2003-01-23 Хранилище 18.00 120000674358 Цб 213794 120000674358 1 9.20 Дост: Dp Вид: Д N: 17 Дата: 10.04.2002 Книги
  Не е изгубен   Не е повреден без рестрикции ползва се в читалня 25107 Регионална библиотека "Любен Каравелов" Русе Регионална библиотека "Любен Каравелов" Русе Читалня 2003-06-06 Читалня 18.00 120000676593 Ч 629.114/К 86 120000676593 2 9.20 Дост: Pk Вид: Ф N: 15456 Дата: 03.06.2003 Дата инв: 24.03.2017 Бележки инв: Ч2017 Книги
Vip Innovations Ltd, Rousse, Bulgaria 2025